[Event "43, WM Moskau [i 38/(326)"]
[Site "43, WM Moskau [i 38/(326)"]
[Date "1985.??.??"]
[Round "?"]
[White "Karpov, Anatoly"]
[Black "Kasparov, Gary"]
[Result "1/2-1/2"]
[WhiteElo "2720"]
[BlackElo "2715"]
[PlyCount "46"]
[EventDate "1985.??.??"]
[Source "www.chesslib.no"]
[SourceDate "2004.05.04"]

1. e4 c5 2. Nf3 d6 3. d4 cxd4 4. Nxd4 Nf6 5. Nc3 a6 6. Be2 e6 7. O-O Be7 8. f4 O-O 9. Kh1 Qc7 10. Qe1 b5 11. Bf3 Bb7 12. e5 Ne8 13. f5 dxe5 14. fxe6 Bxf3 15. exf7+ Rxf7 16. Nxf3 Nd7 17. Bg5 Bf8 18. a3 Nd6 19. Nd2 Rxf1+ 20. Qxf1 Qc6 21. Re1 Re8 22. Nde4 Nxe4 23. Rxe4 Bxa3 1/2-1/2

[Event "Rethymnon 88/209"]
[Site "?"]
[Date "2003.??.??"]
[Round "?"]
[White "Bologan, V."]
[Black "Gelfand, B."]
[Result "0-1"]
[WhiteElo "2650"]
[BlackElo "2695"]
[PlyCount "114"]
[EventDate "2003.??.??"]
[Source "Chess Informant"]
[SourceDate "2003.06.01"]

1. e4 c5 2. Nf3 d6 3. d4 cxd4 4. Nxd4 Nf6 5. Nc3 a6 6. Be3 e6 7. Be2 Qc7 8. a3 b5 9. g4 Bb7 10. f3 h6 11. Qd2 Nbd7 12. O-O-O d5 13. exd5 Bxd5 14. Kb1 b4 15. Nxd5 Nxd5 16. a4 N7b6 17. a5 Na4 18. Nb3 Nxb2 19. Kxb2 Qc3+ 20. Qxc3 bxc3+ 21. Kb1 Nxe3 22. Rd4 Ba3 23. f4 O-O 24. Bf3 Rad8 25. Ra4 Be7 26. Re1 Nd5 27. Rc4 Rd6 28. f5 Bh4 29. Re2 exf5 30. gxf5 Bf6 31. Ka2 Rb8 32. Ka3 Be7 33. Ka4 Bf8 34. Ree4 Ne7 35. Rf4 g5 36. fxg6 Nxg6 37. Rf5 Bg7 38. Rfc5 Ne5 39. Rxc3 Rdd8 40. Re3 Nxf3 41. Rxf3 Bf8 42. Rc4 Rd5 43. Rg4+ Rg5 44. Rxg5+ hxg5 45. c3 Kg7 46. h3 Kg6 47. Nd4 Rc8 48. Nc2 f5 49. Nb4 Ra8 50. Nxa6 Rxa6 51. Kb5 Re6 52. a6 Re5+ 53. Kc6 Bc5 54. Rd3 f4 55. c4 Be3 56. Rd5 Rxd5 57. cxd5 f3 0-1

[Event "32. Chess Olympiad,"]
[Site "32nd Chess Olympiad,"]
[Date "1996.??.??"]
[Round "2"]
[White "Oll, Lembit"]
[Black "Yudasin, Leonid G"]
[Result "1/2-1/2"]
[WhiteElo "2640"]
[BlackElo "2635"]
[PlyCount "58"]
[EventDate "1996.??.??"]
[Source "www.chesslib.no"]
[SourceDate "2004.05.04"]

1. e4 c5 2. Nf3 d6 3. d4 cxd4 4. Nxd4 Nf6 5. Nc3 a6 6. Be2 e6 7. a4 b6 8. Bf3 Nfd7 9. e5 Ra7 10. exd6 Ne5 11. Ne4 Nxf3+ 12. Nxf3 Bb7 13. Qe2 Bxe4 14. Qxe4 Bxd6 15. Be3 Bc5 16. a5 Nd7 17. O-O Bxe3 18. Qxe3 O-O 19. b3 Rb7 20. axb6 Qxb6 21. Qxb6 Rxb6 22. Rfd1 Nf6 23. Ne5 Rc8 24. Ra4 Rb5 25. Rc4 Nd5 26. Rb1 Rbc5 27. Nd7 Nf4 28. Re4 Rb8 29. Ra1 Ra5 1/2-1/2

[Event "Yerevan ol (Men)"]
[Site "Yerevan"]
[Date "1996.??.??"]
[Round "11"]
[White "Georgiev, Kiril"]
[Black "Oll, Lembit"]
[Result "1-0"]
[WhiteElo "2620"]
[BlackElo "2620"]
[PlyCount "256"]
[EventDate "1996.09.??"]
[Source "ChessBase"]

1. e4 c5 2. Nf3 d6 3. d4 cxd4 4. Nxd4 Nf6 5. Nc3 a6 6. Be2 e6 7. a4 Be7 8. a5 O-O 9. Be3 Qc7 10. O-O Nbd7 11. Nb3 b5 12. axb6 Nxb6 13. Qd4 Rb8 14. Bxa6 d5 15. exd5 Nfxd5 16. Bd3 Nxe3 17. Qxe3 Bb7 18. Nb5 Qc6 19. Qh3 g6 20. Na5 Qc5 21. Nxb7 Rxb7 22. Qf3 Rd7 23. Nc3 Nc4 24. Ne4 Qd4 25. Bxc4 Qxc4 26. c3 f5 27. Ng3 Rd2 28. Ra7 Bc5 29. Rb7 Rfd8 30. b4 R2d3 31. Qe2 Bd6 32. Rc1 Bf8 33. Nf1 Bh6 34. Re1 Rxc3 35. Qe5 Qd5 36. Qxc3 Qxb7 37. Rxe6 Bf8 38. Qb3 Qd5 39. Re3 f4 40. Rf3 Qxb3 41. Rxb3 Rd7 42. g3 fxg3 43. hxg3 Kf7 44. Ne3 Ke6 45. Kg2 Rd4 46. b5 Kd7 47. b6 Bd6 48. Rc3 Rb4 49. Nd5 Rb5 50. Nf6+ Ke6 51. Nxh7 Rxb6 52. Re3+ Kf7 53. Rf3+ Kg8 54. Nf6+ Kg7 55. Ne8+ Kg8 56. Nf6+ Kg7 57. Ne4 Be7 58. Kh3 Ra6 59. Rd3 Kf7 60. Rb3 Ra4 61. Re3 Kf8 62. Re2 Kf7 63. Kg4 Rb4 64. f3 Ra4 65. Rc2 Rb4 66. Ra2 Rc4 67. Ra6 Rb4 68. Kf4 Rb5 69. Rc6 Ra5 70. Rc7 Ke6 71. Rb7 Ra4 72. Kg4 Kf7 73. Kh3 Ke6 74. Rb6+ Kf7 75. Rc6 Ra5 76. Rc1 Ra3 77. Kg4 Ra4 78. Rh1 Kg7 79. Rh2 Rb4 80. Re2 Kf7 81. f4 Rb3 82. Re1 Ra3 83. Rh1 Kg7 84. Rc1 Ra4 85. Re1 Ra3 86. Re2 Kf7 87. Rb2 Ra4 88. Re2 Ra3 89. Nf2 Rb3 90. Rc2 Ra3 91. Rc6 Rb3 92. Rc7 Kf8 93. Ne4 Rd3 94. Rb7 Ke8 95. Nf2 Ra3 96. Nh3 Ra5 97. Ng1 Bf6 98. Nf3 Kf8 99. Rd7 Ke8 100. Rd3 Kf7 101. Rb3 Kf8 102. Re3 Kg7 103. Re4 Rb5 104. Nd2 Rd5 105. Nf3 Rb5 106. Rc4 Rd5 107. Rb4 Kf7 108. Ra4 Kg7 109. Ra2 Kf7 110. Nd2 Rd4 111. Ra7+ Kf8 112. Nb3 Rc4 113. Nd2 Rd4 114. Nf3 Rd5 115. Ng1 Bd4 116. Ra8+ Kf7 117. Nh3 Bf6 118. Nf2 Be7 119. Ra4 Rd2 120. Kf3 Bc5 121. Ne4 Rc2 122. Ng5+ Kg7 123  Ra6 Be7 124. Ra7 Kf8 125. Ne6+ Kf7 126. Nd4 Rc4 127. Ke4 Kf6 128. g4 g5 1-0

[Event "Reykjavik"]
[Site "?"]
[Date "1987.??.??"]
[Round "?"]
[White "Kortchnoi, V."]
[Black "Portisch, L."]
[Result "1-0"]
[WhiteElo "2625"]
[BlackElo "2610"]
[PlyCount "91"]
[EventDate "1987.??.??"]
[Source "ChessBase"]
[SourceDate "1987.01.01"]

1. Nf3 c5 2. e4 d6 3. d4 cxd4 4. Nxd4 Nf6 5. Nc3 a6 6. Be2 e6 7. Bf3 Qc7 8. g4 Nc6 9. g5 Nd7 10. a4 Be7 11. h4 O-O 12. Bg2 b6 13. Be3 Bb7 14. Rh3 Rfe8 15. Kf1 Nxd4 16. Qxd4 b5 17. Kg1 Bc6 18. h5 Bf8 19. Rg3 Ne5 20. b3 Rac8 21. f4 Nd7 22. axb5 axb5 23. g6 fxg6 24. hxg6 h6 25. Bh3 Nf6 26. Ra7 Qd8 27. Rf7 Rc7 28. e5 Nd5 29. Bxe6 Rxe6 30. Nxd5 Rxf7 31. gxf7+ Kxf7 32. Qd3 Kg8 33. Nf6+ Rxf6 34. exf6 Qxf6 35. Qg6 Qh4 36. Kf2 Qh2+ 37. Ke1 Be4 38. Qe6+ Kh8 39. Bf2 Qh1+ 40. Kd2 Qf1 41. Be3 d5 42. Qe8 Kg8 43. Rxg7+ Kxg7 44. Bd4+ Kg8 45. Qe6+ Kh7 46. Qf7+ 1-0

[Event "Tilburg"]
[Site "?"]
[Date "1996.??.??"]
[Round "?"]
[White "Sutovskij, E."]
[Black "Polgar, Judit"]
[Result "1-0"]
[WhiteElo "2565"]
[BlackElo "2665"]
[PlyCount "43"]
[EventDate "1996.??.??"]
[Source "ChessBase"]
[SourceDate "1996.10.01"]

1. e4 c5 2. Nf3 d6 3. d4 cxd4 4. Nxd4 Nf6 5. Nc3 a6 6. Be2 e6 7. O-O Be7 8. f4 O-O 9. Be3 Qc7 10. g4 Nc6 11. g5 Nd7 12. f5 Nde5 13. f6 Bd8 14. Bd3 Nxd4 15. Bxd4 Qa5 16. fxg7 Kxg7 17. Kh1 Bb6 18. Bxe5+ Qxe5 19. Qh5 Be3 20. Rf3 Bxg5 21. Rg1 f6 22. h4 1-0

[Event "Yerevan (ol)"]
[Site "?"]
[Date "1996.??.??"]
[Round "?"]
[White "Oll, L."]
[Black "Yudasin, L."]
[Result "1/2-1/2"]
[WhiteElo "2620"]
[BlackElo "2595"]
[PlyCount "58"]
[EventDate "1996.??.??"]
[Source "ChessBase"]
[SourceDate "1996.06.01"]

1. e4 c5 2. Nf3 d6 3. d4 cxd4 4. Nxd4 Nf6 5. Nc3 a6 6. Be2 e6 7. a4 b6 8. Bf3 Nfd7 9. e5 Ra7 10. exd6 Ne5 11. Ne4 Nxf3+ 12. Nxf3 Bb7 13. Qe2 Bxe4 14. Qxe4 Bxd6 15. Be3 Bc5 16. a5 Nd7 17. O-O Bxe3 18. Qxe3 O-O 19. b3 Rb7 20. axb6 Qxb6 21. Qxb6 Rxb6 22. Rfd1 Nf6 23. Ne5 Rc8 24. Ra4 Kf8 25. Rc4 Rxc4 26. Nxc4 Rc6 27. Rd8+ Ke7 28. Ra8 Nd5 29. Ra7+ Rc7 1/2-1/2

[Event "Beersheba"]
[Site "Beersheba"]
[Date "1991.??.??"]
[Round "?"]
[White "Dolmatov, Sergey"]
[Black "Pinter, Jozsef"]
[Result "1/2-1/2"]
[WhiteElo "2620"]
[BlackElo "2565"]
[PlyCount "50"]
[EventDate "1991.07.??"]
[Source "ChessBase"]

1. e4 c5 2. Nf3 d6 3. d4 cxd4 4. Nxd4 Nf6 5. Nc3 a6 6. Be2 e6 7. a4 Be7 8. Be3 O-O 9. a5 Nc6 10. Nb3 Bd7 11. O-O Nb4 12. f4 Bc6 13. Bf3 Rc8 14. Rf2 Qc7 15. Rd2 Qb8 16. Kh1 Rfd8 17. Bb6 Re8 18. Qg1 Bf8 19. Qd4 d5 20. e5 Nd7 21. Ba7 Qa8 22. Qe3 Bb5 23. Bd4 Bc4 24. Nc1 Nc6 25. b3 Nxd4 1/2-1/2